000 00559nam a2200157 4500
001 4697
005 20181127173940.0
090 0 0 _aBBA INT. FIN-803 No.3
245 0 0 _aT-wang textile co. ltd. /
_b
_cStudent Work.
_h
260 0 0 _a[Thimphu] :
_b[Royal Thimphu College],
_c2014.
300 _a43 leaves.
_b
_c
_e
500 _aStudent research project for BBA: Internationl Finance- 803 (2014): Dr.Swati Chakraborty, lecturer.
500 0 0 _aSpiral-bound xerographic copy.
650 _aTextile industry --Management.
_v
_x
_y
_z
_2
650 _aTextile industry.
_v
_x
_y
_z
_2
999 _c3901
_d3901